00292nam a2200133Ia 4500003000900000008004100009040001300050040001300063100001200076245003100088260002500119300000800144490000600152IT-RoPAU120407s9999 xx 000 0 und d aIT-RoPAU cIT-RoPAU aE. Osty aL'evangile selon saint Luc aLes Editions du Cerf c cm v1